| 000 | 00380nam a2200157Ia 4500 | ||
|---|---|---|---|
| 008 | 231217s9999 xx 000 0 und d | ||
| 041 | _aEnglish | ||
| 082 | _a001.6424PAS GRA;1 R' | ||
| 100 | _aGraham, Neill | ||
| 245 | 0 | _aProgramming and problem solving with Pascal | |
| 250 | _a4th ed. | ||
| 260 |
_c1989 _bJaico |
||
| 300 | _axv+519 | ||
| 650 | _aPascal | ||
| 942 | _cAA | ||
| 999 |
_c164503 _d164503 |
||